[Event "GER-chT U14"]
[Site "Magdeburg"]
[Date "2019.12.28"]
[Round "4.9"]
[White "Lerchl, Justus"]
[Black "Dang, Phuong Anh"]
[Result "1-0"]
[WhiteElo "1464"]
[BlackElo "1442"]
[PlyCount "67"]
[EventDate "2019.12.27"]
[EventType "team-swiss"]
[EventRounds "7"]
[EventCountry "GER"]
[SourceTitle "CBM 194 Extra"]
[Source "ChessBase"]
[SourceDate "2020.03.31"]
[SourceVersion "1"]
[SourceVersionDate "2020.03.31"]
[SourceQuality "1"]
[WhiteTeam "Vaterstetten Grasbrunn"]
[BlackTeam "Walldorf"]
[WhiteTeamCountry "GER"]
[BlackTeamCountry "GER"]

1. e4 e5 2. Nf3 Nc6 3. Bc4 Bc5 4. c3 Nf6 5. d3 h6 6. 0-0 0-0 7. Nbd2 d6 8. Re1 Be6 9. b4 Bb6 10. Nh4 Qd7 11. Nf1 Bxc4 12. dxc4 Qe6 13. h3 Qxc4 14. Qf3 Ne7 15. Ng3 d5 16. Ngf5 Nxf5 17. Nxf5 dxe4 18. Qg3 g6 19. Nxh6+ Kg7 20. Nf5+ Kg8 21. Qh4 gxf5 22. Bh6 Bxf2+ 23. Kxf2 e3+ 24. Kg3 Qxh4+ 25. Kxh4 Rfd8 26. Rxe3 e4 27. Rg3+ Kh7 28. Bg5 Rd6 29. Rf1 Kg6 30. Bf4+ Kh7 31. Bxd6 cxd6 32. Rxf5 Ng8 33. Rxf7+ Kh6 34. Rfg7 1-0

[Event "GER-chT U14"]
[Site "Magdeburg"]
[Date "2019.12.27"]
[Round "1.4"]
[White "Dang, Phuong Anh"]
[Black "Boissel, Kasimir"]
[Result "0-1"]
[WhiteElo "1442"]
[BlackElo "1638"]
[PlyCount "92"]
[EventDate "2019.12.27"]
[EventType "team-swiss"]
[EventRounds "7"]
[EventCountry "GER"]
[SourceTitle "CBM 194 Extra"]
[Source "ChessBase"]
[SourceDate "2020.03.31"]
[SourceVersion "1"]
[SourceVersionDate "2020.03.31"]
[SourceQuality "1"]
[WhiteTeam "Walldorf"]
[BlackTeam "Koenigsjaeger Sued West"]
[WhiteTeamCountry "GER"]
[BlackTeamCountry "GER"]

1. e4 e5 2. Nf3 Nf6 3. Nc3 Bc5 4. Bc4 d6 5. h3 Be6 6. Bb3 Nc6 7. d3 Qd7 8. Ng5 Bxb3 9. axb3 a6 10. Nf3 0-0 11. Bg5 Qe6 12. 0-0 h6 13. Bh4 Bb6 14. Nd2 Rfe8 15. Nc4 Bc5 16. Ne3 Nd4 17. Kh1 Rac8 18. Qd2 Nh5 19. Qd1 Nf4 20. Kh2 Qg6 21. Bg3 Nde6 22. Qg4 Qxg4 23. Nxg4 Ng6 24. Ne2 h5 25. Ne3 h4 26. Bxh4 Nxh4 27. g3 Ng6 28. c3 Bxe3 29. fxe3 Nc5 30. d4 Nxb3 31. Rad1 exd4 32. exd4 Rxe4 33. Rf2 Rce8 34. Ng1 Re1 35. Rxe1 Rxe1 36. Nf3 Re7 37. h4 c5 38. d5 Na5 39. Nd2 b5 40. b3 Re3 41. b4 cxb4 42. cxb4 Nc4 43. Nf1 Rd3 44. Ra2 Ra3 45. Re2 Kf8 46. Kg1 Ra4 0-1